Characterisation of HEVER, a novel stress-induced gene from Hevea brasiliensis (Record no. 55363)

MARC details
000 -LEADER
fixed length control field 01531nam a2200217Ia 4500
100 ## - MAIN ENTRY--AUTHOR NAME
Personal name Sivasubramaniam S
245 #0 - TITLE STATEMENT
Title Characterisation of HEVER, a novel stress-induced gene from Hevea brasiliensis
260 ## - PUBLICATION, DISTRIBUTION, ETC. (IMPRINT)
Name of publisher Plant Molecular Biology
Year of publication 1995
300 ## - PHYSICAL DESCRIPTION
Number of Pages 173-178
500 ## - GENERAL NOTE
General note Source Year: 1996
520 ## - SUMMARY, ETC.
Summary, etc Two novel stress-induced cDNAs, HEVER 1 and 2 (Hevea ethylene-responsive) were isolated from a cDNA library, constructed from RNA of ethylene-stimulated Hevea brasiliensis plants, by probing with a maize glutathione S-transferase 1 partial cDNA clone. The HEVER gene is encoded by a multigene family. The HEVER transcript is expressed at basal levels in Hevea tissues and is developmentally regulated. In addition, the HEVER transcript and protein are induced by stress treatment with salicyclic acid and ethephon. Sequence analysis showed that HEVER encodes a 33 kDa protein that has significant homology to the hypothetical protein SKEXORFA-1 from the plant Stellaria longipes as well as two bacterial proteins, BAC180K-75 from Bacillus subtilis and MVRNO3-1 from Methanococcus vannielii. Nucleotide sequence data have been submitted to the EMBL/GenBank/DDBJ databases under the accession numbers M88254 and M88255 for the HEVER 1 and 2 cDNAs, respectively.
650 ## - SUBJECT ADDED ENTRY--TOPICAL TERM
Topical Term Hevea brasiliensis
650 ## - SUBJECT ADDED ENTRY--TOPICAL TERM
Topical Term HEVER
650 ## - SUBJECT ADDED ENTRY--TOPICAL TERM
Topical Term Stress treatment
700 ## - ADDED ENTRY--PERSONAL NAME
Personal name Chiotee T
700 ## - ADDED ENTRY--PERSONAL NAME
Personal name Namhai C
700 ## - ADDED ENTRY--PERSONAL NAME
Personal name Vanniasingham V M
856 ## - ELECTRONIC LOCATION AND ACCESS
Uniform Resource Identifier PBA
942 ## - ADDED ENTRY ELEMENTS (KOHA)
Koha item type Journals
Holdings
Withdrawn status Lost status Damaged status Not for loan Home library Current library Shelving location Date acquired Serial Enumeration / chronology Koha item type
      Journals RRII Library RRII Library Physiology 17/12/2021 Volume 29, Issue 1 Journals